Central Library OPAC University of Rajshahi

The American economy : (Record no. 2777)

MARC details
000 -LEADER
fixed length control field 00896cam a22002652 4500
001 - CONTROL NUMBER
control field 2777
003 - CONTROL NUMBER IDENTIFIER
rucl marc code UkOxU
005 - DATE AND TIME OF LATEST TRANSACTION
control field 20211208233621.0
008 - FIXED-LENGTH DATA ELEMENTS--GENERAL INFORMATION
fixed length control field 131217s1953 ilua 001 0 eng d
035 ## - SYSTEM CONTROL NUMBER
System control number OCLC ocm01029550 from D970521M
040 ## - CATALOGING SOURCE
Original cataloging agency DLC
Transcribing agency OUN
Modifying agency SER
-- OCL
-- EQO
-- BD-RjUL
Language of cataloging eng
041 ## - LANGUAGE CODE
Language code of text/sound track or separate title eng
082 ## - DEWEY DECIMAL CLASSIFICATION NUMBER
Classification number 330.973
Author mark and year HAA 1953
100 1# - MAIN ENTRY--PERSONAL NAME
Personal name Harriss, C. Lowell
Fuller form of name (Clement Lowell),
Dates associated with a name 1912-2009
9 (RLIN) 8904
245 14 - TITLE STATEMENT
Title The American economy :
Remainder of title principles, practices, and policies /
Statement of responsibility, etc. C. Lowell Harriss.
260 ## - PUBLICATION, DISTRIBUTION, ETC. (IMPRINT)
Place of publication, distribution, etc. Homewood, Ill. :
Name of publisher, distributor, etc. R.D. Irwin,
Date of publication, distribution, etc. c1953
300 ## - PHYSICAL DESCRIPTION
Pagination xv,1051,xliv p.;
Illustrations illus.:
Size 23 cm.
490 1# - SERIES STATEMENT
Series statement Irwin series in economics
651 #0 - SUBJECT ADDED ENTRY--GEOGRAPHIC NAME
Geographic name United States
General subdivision Economic conditions
Chronological subdivision 1945-
9 (RLIN) 8905
Geographic name United States
General subdivision Economic policy.
9 (RLIN) 8906
830 #0 - SERIES ADDED ENTRY--UNIFORM TITLE
Uniform title Irwin series in economics
942 ## - ADDED ENTRY ELEMENTS (KOHA)
Source of classification or shelving scheme Dewey Decimal Classification
Koha item type Books
Holdings
Lost status Source of classification or shelving scheme Damaged status Not for loan Collection code Permanent Location Current Location Shelving location Date acquired Source of acquisition Total Checkouts Full call number Date last seen Copy number Koha item type
  Dewey Decimal Classification   Not For Loan Non-fiction Central Library, University of Rajshahi Central Library, University of Rajshahi   29/03/1977 Lions International   330.973 HAA 1953 17/12/2013 C-1 Books